Statistics for Walk the Coast of Ireland - Name the Counties.

Click here to take the quiz!

General Stats

  • This quiz has been taken 147 times
  • The average score is 17 of 19

Answer Stats

HintAnswer% Correct
KKilkenny
95%
WWaterford
95%
CCork
94%
SSligo
94%
D (L)Derry
93%
KKerry
93%
WWexford
93%
Dublin - WWicklow
93%
DDonegal
92%
AAntrim
91%
GGalway
91%
LLimerick
91%
CClare
89%
MMayo
89%
DDown
86%
DDublin
86%
LLouth
85%
LLeitrim
82%
MMeath
82%

Score Distribution

Percentile by Number Answered

Percent of People with Each Score

Your Score History

You have not taken this quiz